Les 10 meilleurs joueurs de la coupe du monde 2018. - Statistiques

Statistiques générales
  • Ce quiz a été pris 606 fois
  • Le résultat moyen est 5 sur 10
Statistiques - réponses
Hint Réponse % Correct
Joueur Mbappé
100%
Joueur Antoine Griezmann
88%
Joueur Modric
88%
Joueur Eden Hazard
57%
Joueur Raphael Varane
55%
Joueur Harry Kane
52%
Joueur Thibault Courtois
48%
Joueur Ivan Perisic
33%
Joueur Edinson Cavani
17%
Joueur Philippe Coutinho
4%
Aucun quiz correspondant
Distribution des résultats
% des personnes avec chaque résultat
Percentile par nombre de réponses
Votre historique - résultats
Vous n’avez pas pris ce quiz